03749nam a2200385 a 4500001001000000003000400010005001700014008004100031020001800072040002500090082002500115245011100140250001300251260003400264300003600298490007400334490004300408500005000451500007300501505187300574590002602447650006902473650006502542650002802607700004702635700004802682710008002730830008202810830005002892942001402942952013802956952012303094952012903217999001703346000048746Ost20250129073606.0190411s2016 dr ac 000 0 spa d a9789945161335 aDO-SdBNPbspacBNPHU a972.9304bE59s, 201600aEnsayos sobre la guerra restauradora /cedidtor Juan Daniel Balcácer ; presentación José Chez Checo. a3ra. ed. aSanto Domingo :bCPEP,c2016. a371 p. :bil., retrs. ;c23 cm.1 aPublicaciones de la Comisión Permanente de Efemérides Patriasv231 aAcademia Dominicana de la Historiav77 aIncluye datos biográficos de los ensayistas aIncluye referencias bibliográficas y notas al pie de las páginas0 aPresentación --rJosé Chez Checo --tPalabras del Rector Magnífico de la Universidad Autónoma de Santo Domingo Roberto Reyna --tAntecedentes históricos y sociológicos de la anexión a España /rManuel A. Peña Batlle --tExamen crítico de la anexión de Santo domingo a España /rAlejandro Angulo Guridi --tCapotillo y la Restauración /rAlcides García Lluberes --tEl día histórico /rAlcides García Lluberes --tLa batalla del 6 de septiembre de 1863 /rCésar Herrera --tCentenario de la Restauración. Ley 3, que declara el año de 1963, Año Centenario de la Restauración Nacional --tDecreto 95, que crea la Comisión Nacional del Centenario de la Restauración --tPrograma de actividades del Centenario de la Restauración --tHomilía de Monseñor Hugo E. Planco Brito, en el Centenario de la Restauración --tDiscurso del Presidente Juan Bosch, en el Centenario de la Restauración --tElogio del gobierno de la Restauración /rEmilio Rodríguez Demorizi --tLa restauración y sus enlaces con la historia de occidente /rPedro Troncoso Sánchez --tPerfil nacionalista de Gregorio Luperón /rHugo Tolentino Dipp --tAnexión y Guerra Restauradora /rJuan Daniel Balcácer, Manuel García Arévalo --tReflexiones sobre la Guerra de la Restauración /rFrancisco Antonio Avelino --tAnexión, restauración e Iglesia, 1860-1865 /rAntonio Llubers, sj. --tCaracterísticas de la Guerra Restauradora, 1863-1865 /rEmilio Cordero Michel --tNotas sobre la participación haitiana en la Guerra Restauradora /rRicardo Hernández --tApéndices -tActa de Independencia, Santiago, 14 de septiembre de 1863 --tAdiciones y firmas en Luperón : notas autobiográficas --tExposición a S.M. la Reina de España --tExposición al gobierno de Inglaterra --tRamón Mella, a sus conciudadano -- aInventariado, 2019/LP14aRepública dominicanaxHistoriayRestauración, 1863-1865958514aRepública dominicanaxAnexión a España 1861-18639607010aEnsayos dominicanos9651 aBalcácer, Juan Daniel,d1949-eed.965661 aChez Checo, José,d1949-epresent.9101451 aRepública DominicanabComisión Permanente de Efemérides Patria945309 0aPublicaciones de la Comisión Permanente de Efemérides Patrias;n23976201 0aAcademia Dominicana de la Historia;n7796074 2ddccLBS1 001054708DSaGRbGRcHDd2019-04-11iLF1l0o972.9304 E59s, 2016p48746-30r2020-06-25te. 3w2020-06-25yLFDSZPréstamo en sala 0010718PDaPDbPDcHDd2019-04-11iLF1l0o972.9304 E59s, 2016p48746-10r2020-06-25w2020-06-25yLFPDZNo se presta 0010718PDaPDbPDcHDd2019-04-11iLF1l0o972.9304 E59s, 2016p48746-20r2020-06-25te. 2w2020-06-25yLFPDZNo se presta c48234d48234